[Event "EU-Cup 29th"]
[Site "Rhodes"]
[Date "2013.10.26"]
[Round "7.5"]
[White "Wang, Hao"]
[Black "Matlakov, Maxim"]
[Result "1/2-1/2"]
[WhiteElo "2733"]
[BlackElo "2682"]
[PlyCount "81"]
[EventDate "2013.10.20"]
[EventType "team-swiss"]
[EventRounds "7"]
[EventCountry "GRE"]
[SourceTitle "CBM 157"]
[Source "ChessBase"]
[SourceDate "2013.11.12"]
[SourceVersion "1"]
[SourceVersionDate "2013.11.12"]
[SourceQuality "1"]
[WhiteTeam "SOCAR"]
[BlackTeam "St Petersburg"]
[WhiteTeamCountry "AZE"]
[BlackTeamCountry "RUS"]

1. Nf3 Nf6 2. c4 c5 3. Nc3 Nc6 4. e3 e6 5. d4 d5 6. cxd5 exd5 7. Bb5 Bd6 8. dxc5 Bxc5 9. O-O O-O 10. b3 Bg4 11. Bb2 Rc8 12. h3 ({RR} 12. Rc1 a6 13. Be2 Ba7 14. h3 Bh5 15. Nh4 Bg6 16. Nxg6 hxg6 17. Bf3 d4 18. exd4 Bxd4 19. Na4 Bxb2 20. Nxb2 Nd4 21. Rxc8 Nxf3+ 22. Qxf3 Qxc8 23. Nc4 b5 24. Ne3 Qc3 25. Qe2 Re8 26. Rd1 Qe5 {Topalov,V (2793)-Karjakin,S (2767) Stavanger 2013 0-1 (64)}) ({RR} 12. Be2 a6 13. h3 Be6 14. Na4 Bd6 15. Rc1 Ne4 16. Nc3 Nf6 17. Ng5 Qe7 18. Qd3 Rfd8 19. Rfd1 h6 20. Nxe6 fxe6 21. Bf1 Bb8 22. g3 Ba7 23. Bg2 Rf8 24. Ne2 Bb8 25. Nf4 Rfd8 26. Qe2 Qf7 {Rybka,S (2342)-Krak,T (2232) Slovakia SVK 2025 ½-½ (37)}) ({RR} 12. Rc1 Bd6 13. Be2 Bb8 14. Nd4 Qd6 15. g3 Bh3 16. Re1 Rfd8 17. Nxc6 bxc6 18. Na4 Bc7 19. Qd4 Ba5 20. Red1 Qe7 21. a3 Rd6 22. b4 Bd8 23. Nc5 Bb6 24. Qh4 Bf5 25. Bd3 Bg6 26. Bf1 Re8 {Matlakov,M (2683)-Jakovenko,D (2752) Porto Carras 2018 ½-½ (35)}) ({RR} 12. Rc1 a6 13. Be2 Ba7 14. h3 Bh5 15. Nh4 Bg6 16. Nxg6 hxg6 17. Bf3 d4 18. exd4 Bxd4 19. Na4 Bxb2 20. Nxb2 Nd4 21. Rxc8 Nxf3+ 22. Qxf3 Qxc8 23. Nc4 b5 24. Ne3 Qc3 25. Qe2 Re8 26. Rd1 Qe5 {Topalov,V (2793)-Karjakin,S (2767) Stavanger 2013 0-1 (64)}) ({RR} 12. Be2 a6 13. h3 Be6 14. Na4 Bd6 15. Rc1 Ne4 16. Nc3 Nf6 17. Ng5 Qe7 18. Qd3 Rfd8 19. Rfd1 h6 20. Nxe6 fxe6 21. Bf1 Bb8 22. g3 Ba7 23. Bg2 Rf8 24. Ne2 Bb8 25. Nf4 Rfd8 26. Qe2 Qf7 {Rybka,S (2342)-Krak,T (2232) Slovakia SVK 2025 ½-½ (37)}) ({RR} 12. Rc1 Bd6 13. Be2 Bb8 14. Nd4 Qd6 15. g3 Bh3 16. Re1 Rfd8 17. Nxc6 bxc6 18. Na4 Bc7 19. Qd4 Ba5 20. Red1 Qe7 21. a3 Rd6 22. b4 Bd8 23. Nc5 Bb6 24. Qh4 Bf5 25. Bd3 Bg6 26. Bf1 Re8 {Matlakov,M (2683)-Jakovenko,D (2752) Porto Carras 2018 ½-½ (35)}) 12... Bh5 13. Be2 Qd7 $146 ({RR} 13... h6 14. Rc1 Be7 15. Nd4 Bg6 16. Nxc6 Rxc6 17. Bf3 Be4 18. Nxe4 Nxe4 19. Rxc6 bxc6 20. Bxe4 dxe4 21. Qg4 Bf6 22. Rd1 Qe7 23. Rd7 Qe6 24. Qxe6 fxe6 25. Bxf6 gxf6 26. Rxa7 Rd8 27. g4 Rd2 28. b4 {Odnorozhenko,E (2296)-Velikanov,I (2315) Cherepovets 2012 1-0 (33)}) ({RR} 13... Bd6 14. Nd4 Bg6 15. Nxc6 bxc6 16. Ba6 Rc7 17. Bd3 Qe7 18. Ne2 Rd8 19. Rc1 c5 20. Bxg6 hxg6 21. Kh1 Qe6 22. Rc2 g5 23. Bxf6 gxf6 24. Ng1 Rcd7 25. Qg4 Kg7 26. Nf3 Rh8 27. Kg1 Qxg4 28. hxg4 {Muha,M (2343)-Jelen,I (2350) Slovenia 2019 ½-½ (52)}) ({RR} 13... h6 14. Rc1 Be7 15. Nd4 Bg6 16. Nxc6 Rxc6 17. Bf3 Be4 18. Nxe4 Nxe4 19. Rxc6 bxc6 20. Bxe4 dxe4 21. Qg4 Bf6 22. Rd1 Qe7 23. Rd7 Qe6 24. Qxe6 fxe6 25. Bxf6 gxf6 26. Rxa7 Rd8 27. g4 Rd2 28. b4 {Odnorozhenko,E (2296)-Velikanov,I (2315) Cherepovets 2012 1-0 (33)}) ({RR} 13... Bd6 14. Nd4 Bg6 15. Nxc6 bxc6 16. Ba6 Rc7 17. Bd3 Qe7 18. Ne2 Rd8 19. Rc1 c5 20. Bxg6 hxg6 21. Kh1 Qe6 22. Rc2 g5 23. Bxf6 gxf6 24. Ng1 Rcd7 25. Qg4 Kg7 26. Nf3 Rh8 27. Kg1 Qxg4 28. hxg4 {Muha,M (2343)-Jelen,I (2350) Slovenia 2019 ½-½ (52)}) 14. Rc1 Rfd8 15. Na4 Be7 16. Nc5 Bxc5 17. Rxc5 Ne4 18. Rc2 f6 19. a3 a6 20. b4 Ne7 21. Rxc8 Rxc8 22. g4 Bf7 23. Nd4 Nc3 24. Bxc3 Rxc3 25. Qa1 Rc8 26. Nb3 Nc6 27. Rc1 Ne5 28. Rc5 Nc4 29. Bxc4 dxc4 30. Qd4 Qe8 31. Rxc8 Qxc8 32. Nc5 h5 33. f3 Qc7 34. f4 Qc8 35. f5 Qc6 36. Ne4 c3 37. Nxc3 Qf3 38. Qf4 Qxh3 39. gxh5 Bxh5 40. Nd5 Bf3 41. Ne7+ 1/2-1/2

[Event "RUS-ch Higher League 65th"]
[Site "Tiumen"]
[Date "2012.06.26"]
[Round "10"]
[White "Bocharov, Dmitry"]
[Black "Zvjaginsev, Vadim"]
[Result "1-0"]
[WhiteElo "2600"]
[BlackElo "2683"]
[PlyCount "105"]
[EventDate "2012.06.16"]
[EventType "swiss"]
[EventRounds "11"]
[EventCountry "RUS"]
[SourceTitle "CBM 149"]
[Source "ChessBase"]
[SourceDate "2012.07.17"]
[SourceVersion "1"]
[SourceVersionDate "2012.07.17"]
[SourceQuality "1"]

1. c4 c5 2. Nf3 Nf6 3. g3 e6 4. Bg2 Be7 5. d4 d5 6. O-O O-O 7. cxd5 exd5 8. Nc3 Be6 9. Be3 Ng4 10. Bf4 Nc6 11. dxc5 Bxc5 12. Rc1 ({RR} 12. Na4 Be7 13. Rc1 Rc8 14. a3 {½-½ (14) Andersson,U (2565)-Gligoric,S (2565) Montilla 1977}) ({RR} 12. Na4 Be7 13. Rc1 Rc8 14. a3 {½-½ (14) Andersson,U (2565)-Gligoric,S (2565) Montilla 1977}) 12... h6 ({RR} 12... d4 13. Ne4 Be7 14. Qa4 Qb6 15. Rfd1 Rfd8 16. h3 Nf6 17. Ne5 Nxe5 18. Bxe5 Nxe4 19. Bxe4 Qxb2 20. Rc2 Qa3 21. Qxa3 Bxa3 22. Bxb7 d3 23. exd3 Bxh3 24. Bxa8 Rxa8 25. Rc4 Be6 26. Ra4 Bc5 27. d4 {Perez Torres,N (2015)-Navarro,T (2117) Chess.com INT 2021 1-0 (34)}) ({RR} 12... d4 13. Ne4 Be7 14. Qa4 Qb6 15. Rfd1 Rfd8 16. h3 Nf6 17. Ne5 Nxe5 18. Bxe5 Nxe4 19. Bxe4 Qxb2 20. Rc2 Qa3 21. Qxa3 Bxa3 22. Bxb7 d3 23. exd3 Bxh3 24. Bxa8 Rxa8 25. Rc4 Be6 26. Ra4 Bc5 27. d4 {Perez Torres,N (2015)-Navarro,T (2117) Chess.com INT 2021 1-0 (34)}) 13. Na4 Bb6 14. Nxb6 $146 ({RR} 14. a3 d4 15. b4 Qe7 16. Nxb6 axb6 17. Nxd4 {1-0 (17) Andersson,U (2585)-Kozma,J Cienfuegos 1976}) ({RR} 14. a3 Rc8 15. b4 Qf6 16. Nc5 Qe7 17. Qd3 a5 18. Qb5 Ba7 19. Nxb7 Bd7 20. Bd6 Bxf2+ 21. Kh1 Qe3 22. Qd3 Nd4 23. Rxc8 Rxc8 {0-1 (23) Csom,I-Hernandez Onna,R Kecskemet 1975}) ({RR} 14. a3 d4 15. b4 Qe7 16. Nxb6 axb6 17. Nxd4 {1-0 (17) Andersson,U (2585)-Kozma,J Cienfuegos 1976}) ({RR} 14. a3 Rc8 15. b4 Qf6 16. Nc5 Qe7 17. Qd3 a5 18. Qb5 Ba7 19. Nxb7 Bd7 20. Bd6 Bxf2+ 21. Kh1 Qe3 22. Qd3 Nd4 23. Rxc8 Rxc8 {0-1 (23) Csom,I-Hernandez Onna,R Kecskemet 1975}) 14... Qxb6 15. b3 Rfe8 16. h3 Nf6 17. Be3 Qa6 18. Qd2 Bf5 19. Rfe1 Bg6 20. Nd4 Ne4 21. Bxe4 dxe4 22. Nxc6 bxc6 23. Rc5 Qc8 24. Kh2 Re6 25. Rec1 f6 26. Rxc6 Rxc6 27. Qd5+ Bf7 28. Qxc6 Qxc6 29. Rxc6 a5 30. Rb6 a4 31. g4 axb3 32. axb3 Ra3 33. b4 Bc4 34. Kg3 Bxe2 35. Kf4 Bd3 36. b5 Ra5 37. Rb8+ Kh7 38. b6 g5+ 39. Kg3 Rb5 40. Rd8 Rb1 41. f3 Rb3 42. Rd7+ Kg6 43. f4 gxf4+ 44. Kxf4 Rb1 45. Kg3 Ba6 46. h4 h5 47. gxh5+ Kxh5 48. Rd5+ Kg6 49. h5+ Kf7 50. Rd7+ Ke6 51. Ra7 Bc8 52. h6 Kd5 53. Ra5+ 1-0

[Event "ESP-chT CECLUB Permanencia-1 Div 1"]
[Site "Sabadell"]
[Date "2011.09.03"]
[Round "1.1"]
[White "Gyimesi, Zoltan"]
[Black "Peralta, Fernando"]
[Result "1/2-1/2"]
[WhiteElo "2646"]
[BlackElo "2601"]
[PlyCount "60"]
[EventDate "2011.09.03"]
[EventType "team-match"]
[EventRounds "2"]
[EventCountry "ESP"]
[SourceTitle "CBM 144 Extra"]
[Source "ChessBase"]
[SourceDate "2011.10.28"]
[SourceVersion "1"]
[SourceVersionDate "2011.10.28"]
[SourceQuality "1"]
[WhiteTeam "Merida"]
[BlackTeam "Cerdanyola Valles"]
[WhiteTeamCountry "ESP"]
[BlackTeamCountry "ESP"]

1. d4 d5 2. c4 e6 3. Nf3 Nf6 4. e3 c5 5. cxd5 exd5 6. Be2 Nc6 7. O-O Bd6 8. dxc5 Bxc5 9. a3 a5 10. Nc3 O-O 11. b3 d4 12. Na4 Ba7 13. exd4 Nxd4 14. Nxd4 Qxd4 15. Be3 $146 ({RR} 15. Qxd4 Bxd4 16. Bb2 Bxb2 17. Nxb2 Be6 18. Bc4 Bxc4 19. Nxc4 b5 20. Nd6 b4 21. Rfd1 bxa3 22. Rxa3 Rfd8 23. Raa1 Rdb8 24. Nc4 Rxb3 25. Nxa5 Rbb8 26. Nc6 Rxa1 27. Rxa1 Re8 28. Kf1 g6 29. Re1 Rxe1+ {Galkin,A (2598)-Najer,E (2643) Taganrog 2011 ½-½ (37)}) ({RR} 15. Qxd4 Bxd4 16. Bb2 Bxb2 17. Nxb2 Be6 18. Bc4 Bxc4 19. Nxc4 b5 20. Nd6 b4 21. Rfd1 bxa3 22. Rxa3 Rfd8 23. Raa1 Rdb8 24. Nc4 Rxb3 25. Nxa5 Rbb8 26. Nc6 Rxa1 27. Rxa1 Re8 28. Kf1 g6 29. Re1 Rxe1+ {Galkin,A (2598)-Najer,E (2643) Taganrog 2011 ½-½ (37)}) 15... Qxd1 16. Rfxd1 Bxe3 17. fxe3 Bg4 18. Bf3 Rfe8 19. Rd3 Bxf3 20. gxf3 Rac8 21. Rad1 g6 22. Nc3 Kg7 23. Kf2 Re5 24. e4 Rh5 25. Kg3 Rg5+ 26. Kf2 Rh5 27. Kg3 Rg5+ 28. Kf2 Rh5 29. Kg3 Rg5+ 30. Kf2 Rh5 1/2-1/2

[Event "EU-ch 13th"]
[Site "Plovdiv"]
[Date "2012.03.23"]
[Round "4"]
[White "Bacrot, Etienne"]
[Black "Delchev, Aleksander"]
[Result "1/2-1/2"]
[WhiteElo "2706"]
[BlackElo "2622"]
[PlyCount "62"]
[EventDate "2012.03.20"]
[EventType "swiss"]
[EventRounds "11"]
[EventCountry "BUL"]
[SourceTitle "CBM 148"]
[Source "ChessBase"]
[SourceDate "2012.05.16"]
[SourceVersion "1"]
[SourceVersionDate "2012.05.16"]
[SourceQuality "1"]

1. d4 d5 2. c4 e6 3. Nc3 c5 4. cxd5 exd5 5. Nf3 Nc6 6. g3 Nf6 7. Bg2 Be7 8. O-O O-O 9. dxc5 Bxc5 10. a3 Ne4 11. Nxd5 Be6 12. Nc3 Nxc3 13. bxc3 Qxd1 14. Rxd1 Rad8 15. Bb2 Na5 $146 ({RR} 15... Bb3 16. Rxd8 Rxd8 17. Nd4 Nxd4 18. cxd4 Bxd4 19. Bxd4 Rxd4 20. Bxb7 Kf8 21. f4 Ke7 22. Kf2 Kd7 23. Rb1 Be6 24. Rb4 Rd6 25. Ra4 Rd2 26. Rxa7 Kd6 27. Bf3 Kc5 28. Ra5+ Kd4 29. Ra8 Ra2 30. a4 {Petkov,V (2545)-Le Ruyet,L (2269) Maranello 2013 1-0 (34)}) ({RR} 15... Bb3 16. Rxd8 Rxd8 17. Nd4 Nxd4 18. cxd4 Bxd4 19. Bxd4 Rxd4 20. Bxb7 Kf8 21. f4 Ke7 22. Kf2 Kd7 23. Rb1 Be6 24. Rb4 Rd6 25. Ra4 Rd2 26. Rxa7 Kd6 27. Bf3 Kc5 28. Ra5+ Kd4 29. Ra8 Ra2 30. a4 {Petkov,V (2545)-Le Ruyet,L (2269) Maranello 2013 1-0 (34)}) 16. Nd4 Bb3 17. Re1 Ba4 18. e3 Nc4 19. Bc1 b5 20. f4 Bb6 21. Rb1 Ba5 22. Rb4 Bxb4 23. axb4 f5 24. e4 fxe4 25. Ne6 Bc2 26. Nxd8 Rxd8 27. Kf2 a6 28. Re2 Bb1 29. Re1 Bc2 30. Re2 Bb1 31. Re1 Bc2 1/2-1/2

[Event "Skopje Karposh op"]
[Site "Skopje"]
[Date "2012.04.14"]
[Round "9"]
[White "Berkes, Ferenc"]
[Black "Delchev, Aleksander"]
[Result "1/2-1/2"]
[WhiteElo "2682"]
[BlackElo "2622"]
[PlyCount "38"]
[EventDate "2012.04.07"]
[EventType "swiss"]
[EventRounds "9"]
[EventCountry "MKD"]
[SourceTitle "CBM 147 Extra"]
[Source "ChessBase"]
[SourceDate "2012.04.24"]
[SourceVersion "1"]
[SourceVersionDate "2012.04.24"]
[SourceQuality "1"]

1. d4 {Krasenkow,Michal Krasenkow,Michal} d5 2. Nf3 c5 3. c4 e6 4. cxd5 exd5 5. Nc3 Nc6 6. Bf4 c4 ({RR} 6... Nf6) ({RR} 6... Nf6) 7. e4 ({RR} 7. e3 Bb4 8. Be2 Nge7 9. O-O O-O 10. Rc1 Bf5 11. Nd2 Bxc3 12. bxc3 b5 13. g4 Bg6 14. h4 h6 15. Bg3 Re8 16. f4 f6 ({RR} 16... Bd3 17. Bxd3 cxd3 18. Nb3 Nc8 19. Qxd3 Nd6) ({RR} 16... Bd3 17. Bxd3 cxd3 18. Nb3 Nc8 19. Qxd3 Nd6) 17. f5 Bf7 18. Qc2 a5 ({RR} 18... Nc8) ({RR} 18... Nc8) 19. g5 hxg5 20. hxg5 fxg5 21. Nf3 Nc8 {Radjabov,T (2742)-Genba,V (2413) Khanty-Mansiysk 2007 CBM 122 [Krasenkow,Michal] 1-0}) ({RR} 7. a3 Nf6 8. e3 Be7 9. Be2 O-O 10. O-O Na5 11. Qc2 a6 12. Nd2 b5 13. Bf3 Be6 14. Rad1 Nc6 15. Be5 Ne8 16. b3 Rc8 17. bxc4 bxc4 18. Ndb1 f6 19. Bg3 f5 20. Be2 Nf6 21. f3 Bd6) ({RR} 7. e3 Bb4 8. Be2 Nge7 9. O-O Bf5 10. a3 Bxc3 11. bxc3 b5 12. a4 b4 13. cxb4 Nxb4 14. Qd2 a5 15. Ne5 O-O 16. Rfc1 f6 17. Nf3 Rc8 18. Rc3 Be4 19. Ne1 Ng6 20. Bg3 Rf7 21. f3 Bf5 {Ortiz Verdesoto,A (2047)-Marcziter,D (2240) Chess.com INT 2022 ½-½ (63)}) ({RR} 7. e3 Bb4 8. Be2 Nge7 9. O-O O-O 10. Rc1 Bf5 11. Nd2 Bxc3 12. bxc3 b5 13. g4 Bg6 14. h4 h6 15. Bg3 Re8 16. f4 f6 17. f5 Bf7 18. Qc2 a5 19. g5 hxg5 20. hxg5 fxg5 21. Nf3 Nc8 {Radjabov,T (2742)-Genba,V (2413) Khanty-Mansiysk 2007 CBM 122 [Krasenkow,Michal] 1-0}) ({RR} 7. a3 Nf6 8. e3 Be7 9. Be2 O-O 10. O-O Na5 11. Qc2 a6 12. Nd2 b5 13. Bf3 Be6 14. Rad1 Nc6 15. Be5 Ne8 16. b3 Rc8 17. bxc4 bxc4 18. Ndb1 f6 19. Bg3 f5 20. Be2 Nf6 21. f3 Bd6) ({RR} 7. e3 Bb4 8. Be2 Nge7 9. O-O Bf5 10. a3 Bxc3 11. bxc3 b5 12. a4 b4 13. cxb4 Nxb4 14. Qd2 a5 15. Ne5 O-O 16. Rfc1 f6 17. Nf3 Rc8 18. Rc3 Be4 19. Ne1 Ng6 20. Bg3 Rf7 21. f3 Bf5 {Ortiz Verdesoto,A (2047)-Marcziter,D (2240) Chess.com INT 2022 ½-½ (63)}) 7... Nf6 $146 ({RR} 7... dxe4 8. Nxe4 Bg4 9. Bxc4 Bxf3 10. Qxf3 Nxd4 11. Qd3 Bb4+ 12. Nc3 Qf6 13. O-O Ne7 14. Bb5+ Ndc6 15. Nd5 Nxd5 16. Qxd5 O-O 17. Bxc6 bxc6 18. Qc4 Bd6 19. Bxd6 Qxd6 20. Rac1 Rab8 21. b3 Rfc8 22. Rfd1 {Lain,L (2164)-Olarasu,G (2289) Lido degli Estensi 2002 ½-½ (44)}) ({RR} 7... dxe4 8. Nxe4 Bg4 9. Bxc4 Bxf3 10. Qxf3 Nxd4 11. Qd3) ({RR} 7... dxe4 8. Ne5 Nxe5 9. dxe5 Qxd1+ 10. Rxd1 Be6 11. Nxe4 Bb4+ 12. Bd2 Be7 13. Be2 f5 14. Nc3 O-O-O 15. O-O Nh6 16. Bxh6 gxh6 17. Nb5 Bc5 18. Rc1 Kb8 19. Bxc4 Bxc4 20. Rxc4 Rd5 21. Nc3 Rxe5 22. Rd1 {Gagunashvili,M (2566)-Kengis,E (2543) Abu Dhabi 2008 1-0 (54)}) ({RR} 7... dxe4 8. Nxe4 Bg4 9. Bxc4 Bxf3 10. Qxf3 Nxd4 11. Qd3 Bb4+ 12. Nc3 Qf6 13. O-O Ne7 14. Bb5+ Ndc6 15. Nd5 Nxd5 16. Qxd5 O-O 17. Bxc6 bxc6 18. Qc4 Bd6 19. Bxd6 Qxd6 20. Rac1 Rab8 21. b3 Rfc8 22. Rfd1 {Lain,L (2164)-Olarasu,G (2289) Lido degli Estensi 2002 ½-½ (44)}) ({RR} 7... dxe4 8. Nxe4 Bg4 9. Bxc4 Bxf3 10. Qxf3 Nxd4 11. Qd3) ({RR} 7... dxe4 8. Ne5 Nxe5 9. dxe5 Qxd1+ 10. Rxd1 Be6 11. Nxe4 Bb4+ 12. Bd2 Be7 13. Be2 f5 14. Nc3 O-O-O 15. O-O Nh6 16. Bxh6 gxh6 17. Nb5 Bc5 18. Rc1 Kb8 19. Bxc4 Bxc4 20. Rxc4 Rd5 21. Nc3 Rxe5 22. Rd1 {Gagunashvili,M (2566)-Kengis,E (2543) Abu Dhabi 2008 1-0 (54)}) 8. Bg5 dxe4 9. Ne5 Qxd4 10. Qxd4 Nxd4 11. O-O-O Ne6 12. Bh4 Bb4 13. Bxc4 Bxc3 14. bxc3 a6 15. Rhe1 O-O 16. Rd6 b5 17. Bb3 Nc5 18. Bxf6 gxf6 19. Rxf6 Be6 1/2-1/2

[Event "FIDE World Cup"]
[Site "Tromsoe"]
[Date "2013.08.12"]
[Round "1.2"]
[White "Granda Zuniga, Julio E"]
[Black "Melkumyan, Hrant"]
[Result "1/2-1/2"]
[WhiteElo "2664"]
[BlackElo "2632"]
[PlyCount "83"]
[EventDate "2013.08.11"]
[EventType "k.o."]
[EventRounds "7"]
[EventCountry "NOR"]
[SourceTitle "CBM 156"]
[Source "ChessBase"]
[SourceDate "2013.09.17"]
[SourceVersion "1"]
[SourceVersionDate "2013.09.17"]
[SourceQuality "1"]

1. Nf3 {Sumets,Andrey Sumets,Andrey} Nf6 2. c4 c5 3. Nc3 Nc6 4. e3 e6 5. d4 d5 6. cxd5 exd5 7. Bb5 Bd6 8. dxc5 Bxc5 9. O-O O-O 10. b3 Bg4 11. Bb2 a6 ({RR} 11... Bd6 12. h3 Bh5 13. Be2 a6 14. Nh4 Bxe2 15. Nxe2 Re8 16. Rc1 Ne4 17. Nf5 Be5 18. Bxe5 Rxe5 19. Nfd4 Qd7 20. Nf4 Rae8 21. Nxc6 bxc6 22. Qc2 c5 23. Rfd1) ({RR} 11... Bd6 12. h3 Bh5 13. Be2 a6 14. Nh4 Bxe2 15. Nxe2 Re8 16. Rc1 Ne4 17. Nf5 Be5 18. Bxe5 Rxe5 19. Nfd4 Qd7 20. Nf4 Rae8 21. Nxc6 bxc6 22. Qc2 c5 23. Rfd1) 12. Be2 ({RR} 12. Bxc6 bxc6 13. Rc1 Ba7 ({RR} 13... Bd6 14. Ne2 Rc8 ({RR} 14... c5 15. Bxf6 Qxf6 16. Qxd5 Rad8) ({RR} 14... c5 15. Bxf6 Qxf6 16. Qxd5 Rad8) 15. Ng3 ({RR} 15. Ne5 Bxe2 16. Qxe2 Qe8 17. Nf3) ({RR} 15. Ne5 Bxe2 16. Qxe2 Qe8 17. Nf3) 15... Re8 16. Qd3 Ne4 17. Nd2 Nxg3 18. hxg3 h5 19. Nf3 Bxf3 20. gxf3 Qg5 21. f4 Qg4 22. Kg2 h4 23. Rh1 hxg3 24. Rh3) ({RR} 13... Bd6 14. Ne2 Rc8 15. Ng3 Re8 16. Qd3 Ne4 17. Nd2 Nxg3 18. hxg3 h5 19. Nf3 Bxf3 20. gxf3 Qg5 21. f4 Qg4 22. Kg2 h4 23. Rh1 hxg3 24. Rh3) 14. Ne2 ({RR} 14. Na4 Qd6 15. Rc4 Qe6 16. Nc5 Qc8 17. Rc1 Ne4 18. b4 Bxc5 19. bxc5 f6 20. Qd4 Bxf3 21. gxf3 Ng5) ({RR} 14. Na4 Qd6 15. Rc4 Qe6 16. Nc5 Qc8 17. Rc1 Ne4 18. b4 Bxc5 19. bxc5 f6 20. Qd4 Bxf3 21. gxf3 Ng5) 14... Qd6 ({RR} 14... Bxf3 15. gxf3) ({RR} 14... Bxf3 15. gxf3) 15. Be5 Qe7 16. Ned4 ({RR} 16. Rxc6 Bxf3 17. Bxf6 Qd7) ({RR} 16. Rxc6 Bxf3 17. Bxf6 Qd7) 16... Bxf3 ({RR} 16... c5 17. Nc6 Qe6 18. Bxf6 ({RR} 18. Nxa7 Bxf3 19. Qxf3 Qxe5 20. Nc6 Qd6 21. Na5 Qb6) ({RR} 18. Nxa7 Bxf3 19. Qxf3 Qxe5 20. Nc6 Qd6 21. Na5 Qb6) 18... Qxc6 19. Be7 Rfc8 20. Bxc5 Bxc5 21. b4 Qb5 22. bxc5 Rxc5 23. Rxc5 Qxc5) ({RR} 16... c5 17. Nc6 Qe6 18. Bxf6 Qxc6 19. Be7 Rfc8 20. Bxc5 Bxc5 21. b4 Qb5 22. bxc5 Rxc5 23. Rxc5 Qxc5) 17. Nxf3 Rfc8 18. Qd3 a5 ({RR} 18... Ne4 19. Bb2 a5 20. Rc2 a4 21. Rfc1 axb3 22. axb3 Qe6) ({RR} 18... Ne4 19. Bb2 a5 20. Rc2 a4 21. Rfc1 axb3 22. axb3 Qe6) 19. Bxf6 Qxf6 20. Rc2 Rd8 ({RR} 20... a4 21. b4 Qd6 22. a3 g6 23. Rfc1 Rc7 24. Nd4 Bxd4 25. Qxd4 Rac8 26. Rc5) ({RR} 20... a4 21. b4 Qd6 22. a3 g6 23. Rfc1 Rc7 24. Nd4 Bxd4 25. Qxd4 Rac8 26. Rc5) 21. Rfc1 c5 ({RR} 21... d4 22. e4 ({RR} 22. exd4 Bxd4 23. Nxd4 Rxd4 24. Qc3 g6 25. Qxc6 Qxc6 26. Rxc6 a4) ({RR} 22. exd4 Bxd4 23. Nxd4 Rxd4 24. Qc3 g6 25. Qxc6 Qxc6 26. Rxc6 a4) 22... c5) ({RR} 21... d4 22. e4 c5) 22. e4 ({RR} 22. Qb5 h6 ({RR} 22... Bb6 23. Ne5 Qxe5 24. Qxb6) ({RR} 22... Bb6 23. Ne5 Qxe5 24. Qxb6) 23. Qxa5 Bb6 24. Qd2 Ba5 25. Qd3 Bb4 26. a4) ({RR} 22. Qb5 h6 23. Qxa5 Bb6 24. Qd2 Ba5 25. Qd3 Bb4 26. a4) 22... Qg6 23. Re1 dxe4 ({RR} 23... d4) ({RR} 23... d4) 24. Qxe4 Qxe4 25. Rxe4 Rd1+ 26. Re1 Rxe1+ {Carlsen,M (2868)-Radjabov,T (2745) Stavanger 2013 CBM 155 [Sumets,Andrey] 1-0 (68)}) ({RR} 12. Bxc6 bxc6 13. Rc1 Ba7 14. Ne2 Qd6 15. Be5 Qe7 16. Ned4 Bxf3 17. Nxf3 Rfc8 18. Qd3 a5 19. Bxf6 Qxf6 20. Rc2 Rd8 21. Rfc1 c5 22. e4 Qg6 23. Re1 dxe4 24. Qxe4 Qxe4 25. Rxe4 Rd1+ 26. Re1 Rxe1+ {Carlsen,M (2868)-Radjabov,T (2745) Stavanger 2013 CBM 155 [Sumets,Andrey] 1-0 (68)}) 12... Qd6 ({RR} 12... Ba7 13. Rc1 Qd7 ({RR} 13... Rc8 {RR} 14. h3 ({RR} 14. h3 Bh5 15. Nh4 Bg6 16. Nxg6 hxg6 17. Bf3 d4 18. exd4 Bxd4 19. Na4 Bxb2 20. Nxb2 Nd4 21. Rxc8 Nxf3+ 22. Qxf3 Qxc8) 14... Bh5 15. Nh4 Bg6 16. Nxg6 hxg6 17. Bf3 d4 18. exd4 Bxd4 19. Na4 Bxb2 20. Nxb2 Nd4 21. Rxc8 Nxf3+ 22. Qxf3 Qxc8) ({RR} 13... Rc8) 14. Na4 Ne4 15. Ne5 ({RR} 15. Nd4 Bxe2 16. Nxe2 Rfe8) ({RR} 15. Nd4 Bxe2 16. Nxe2 Rfe8) 15... Nxe5 16. Bxe5 Bxe2 17. Qxe2 Rfe8 18. Qb2 ({RR} 18. Bb2 b5 19. Nc3 Nxf2 20. Rxf2 Bxe3 21. Qf1 Re6 22. Nd1 Bxc1 23. Bxc1 Rae8) ({RR} 18. Bb2 b5 19. Nc3 Nxf2 20. Rxf2 Bxe3 21. Qf1 Re6 22. Nd1 Bxc1 23. Bxc1 Rae8) 18... b5 19. Bxg7 bxa4 20. Bh8 f6 ({RR} 20... Qg4 21. Rc7 a3 22. Qa1 Nxf2 23. Rxf2 Bxe3) ({RR} 20... Qg4 21. Rc7 a3 22. Qa1 Nxf2 23. Rxf2 Bxe3) 21. Bxf6 a3 22. Qa1 Nxf6 23. Qxf6 d4) ({RR} 12... Ba7 13. h3 Bh5 14. Rc1 Rc8 15. Nh4 Bg6 16. Nxg6 hxg6 17. Bf3 d4 18. exd4 Bxd4 19. Na4 Bxb2 20. Nxb2 Nd4 21. Rxc8 Nxf3+ 22. Qxf3 Qxc8 23. Nc4 Rd8 24. Re1 Qc7 25. g3 b5 26. Ne3 Qc3 27. Rd1 {Svane,R (2620)-Leiva,G (2332) chess.com INT 2026 ½-½ (97)}) ({RR} 12... Ba7 13. Rc1 Qd7 14. Na4 Ne4 15. Ne5 Nxe5 16. Bxe5 Bxe2 17. Qxe2 Rfe8 18. Qb2 b5 19. Bxg7 bxa4 20. Bh8 f6 21. Bxf6 a3 22. Qa1 Nxf6 23. Qxf6 d4) ({RR} 12... Ba7 13. h3 Bh5 14. Rc1 Rc8 15. Nh4 Bg6 16. Nxg6 hxg6 17. Bf3 d4 18. exd4 Bxd4 19. Na4 Bxb2 20. Nxb2 Nd4 21. Rxc8 Nxf3+ 22. Qxf3 Qxc8 23. Nc4 Rd8 24. Re1 Qc7 25. g3 b5 26. Ne3 Qc3 27. Rd1 {Svane,R (2620)-Leiva,G (2332) chess.com INT 2026 ½-½ (97)}) 13. h3 Bh5 14. Nh4 $146 ({RR} 14. Na4 Ba7 15. Nd4 Bg6 16. Rc1 Rad8 17. Nxc6 bxc6 18. Bxa6 Bb8 19. g3 Ne4 20. Qe2 c5 21. Bd3 Nxg3 22. fxg3 Bxd3 23. Qg4 Qxg3+ 24. Qxg3 Bxg3 25. Rfd1 c4 26. Nc5 Be2 27. Rd2 Bh5 28. Rg2 d4 {Itkis,B (2333)-Tregubov,P (2546) chess.com INT 2021 1-0 (44)}) ({RR} 14. Rc1 Rad8 15. Nd4 Bxe2 16. Ncxe2 Ne4 17. Qc2 Nb4 18. Qd1 Nxa2 19. Nf5 Qg6 20. Rxc5 Qxf5 21. Rc7 Rd6 22. Ba3 Rg6 23. Nf4 Nac3 24. Qc2 Re8 25. Rxc3 Rh6 26. f3 Ng3 27. Qxf5 Nxf5 28. Nxd5 Ng3 {Schekachikhin,M (2329)-Matveeva,O (2098) chess.com INT 2025 1-0 (38)}) ({RR} 14. Na4 Ba7 15. Nd4 Bg6 16. Rc1 Rad8 17. Nxc6 bxc6 18. Bxa6 Bb8 19. g3 Ne4 20. Qe2 c5 21. Bd3 Nxg3 22. fxg3 Bxd3 23. Qg4 Qxg3+ 24. Qxg3 Bxg3 25. Rfd1 c4 26. Nc5 Be2 27. Rd2 Bh5 28. Rg2 d4 {Itkis,B (2333)-Tregubov,P (2546) chess.com INT 2021 1-0 (44)}) ({RR} 14. Rc1 Rad8 15. Nd4 Bxe2 16. Ncxe2 Ne4 17. Qc2 Nb4 18. Qd1 Nxa2 19. Nf5 Qg6 20. Rxc5 Qxf5 21. Rc7 Rd6 22. Ba3 Rg6 23. Nf4 Nac3 24. Qc2 Re8 25. Rxc3 Rh6 26. f3 Ng3 27. Qxf5 Nxf5 28. Nxd5 Ng3 {Schekachikhin,M (2329)-Matveeva,O (2098) chess.com INT 2025 1-0 (38)}) 14... Bg6 15. Nxg6 hxg6 16. Bf3 Rad8 17. Ne2 Rfe8 18. Qc2 Ba7 19. Rad1 Ne5 20. Bxe5 Qxe5 21. Rd3 Bb8 22. g3 Qf5 23. Bg2 Ne4 24. Qd1 Rd6 25. Nf4 Red8 26. Qb1 Nf6 27. Nxd5 Rxd5 28. Rxd5 Nxd5 29. Qxf5 gxf5 30. Rd1 Kf8 31. Rxd5 Rxd5 32. Bxd5 b6 33. f4 Bd6 34. Kf2 a5 35. Kf3 Ke7 36. Bc4 Bb4 37. h4 g6 38. g4 fxg4+ 39. Kxg4 Kf6 40. e4 Kg7 41. e5 Be7 42. h5 1/2-1/2